| 000 | 00695nam a22001697a 4500 | ||
|---|---|---|---|
| 003 | MACL | ||
| 005 | 20150715130115.0 | ||
| 008 | 150715b xxu||||| |||| 00| 0 eng d | ||
| 040 | _cMACL | ||
| 041 | _aHindi | ||
| 082 | _a741.642 | ||
| 100 |
_4299/3 _aचतुर्वेदी, मनोहरदास _92010 |
||
| 245 | _aबिल्ली मौसी का परिवार/इतवा मुंडा ने लडाई जीती/भारत में विदेशी यात्री | ||
| 260 |
_aदिल्ली _bनेशनल बुक ट्रस्ट _c1971 |
||
| 650 |
_aचिल्ड्रन बुक्स _9343 |
||
| 942 |
_2ddc _cHIN |
||
| 999 |
_c50149 _d50149 |
||